Stacje i przystanki M2 w Warszawie - Statystyki

Ogólne statystyki
  • Ten quiz został rozwiązany 65 razy
  • Średni wynik to 14 z 24
Statystyki odpowiedzi
Rok otwarcia Dzielnica Stacja/Przystanek % Poprawnych
2015 Praga Płn. Stadion Narodowy
91%
2015 Śródmieście Świętokrzyska
91%
2015 Wola Rondo ONZ
89%
2015 Śródmieście Centrum Nauki Kopernik
88%
2015 Wola Rondo Daszyńskiego
86%
2015 Praga Płn. Dworzec Wileński
75%
2019 Targówek Trocka
75%
2015 Śródmieście Nowy Świat - Uniwersytet
73%
2019 Targówek Targówek Mieszkaniowy
70%
2019 Praga Płn. Szwedzka
68%
2020 Wola Księcia Janusza
63%
- Bemowo Bemowo
59%
2020 Wola Płocka
59%
- Targówek Bródno
57%
2020 Wola Młynów
54%
- Targówek Zacisze
43%
- Targówek Kondratowicza
41%
- Bemowo Karolin
39%
- Ursus Ursus
39%
- Wola Ulrychów
34%
- Bemowo Lazurowa
32%
- Bemowo Chrzanów
20%
- Białołęka Toruńska
13%
- Ursus Ursus Północny
7%
Nie znaleziono quizów pasujących do podanych kryteriów
Rozkład punktacji
Procent ludzi z każdym wynikiem
Percentyl według liczby udzielonych odpowiedzi
Twoja historia wyników
Nie rozwiązałeś tego quizu